00486nam a22001337a 4500008004100000040005500041080002200096245005200118260001200170300001000182942001200192999001700204952013100221240911b |||||||| |||| 00| 0 eng d aNational Science LibrarycNational Science Library a59(083.7)=84 bK3 aMiedzynarodowy kodeks nomenklatury zoologicznej b c1963 a113p. 2udccBK c66840d66840 00102udc40659083784_K3709181906aNSLbNSLcGFd1966-05-26l0o59(083.7)=84 K3p15537r2024-09-11 00:00:00w1966-05-26yBK